This is strategy : (Record no. 24351)

MARC details
000 -LEADER
fixed length control field 00468cam a2200181 i 4500
020 ## - INTERNATIONAL STANDARD BOOK NUMBER
ISBN 9798893310160
041 ## - LANGUAGE CODE
Language code of text/sound track or separate title English
082 ## - DEWEY DECIMAL CLASSIFICATION NUMBER
Classification number 658.4012
Item number SET
100 1# - MAIN ENTRY--AUTHOR NAME
Author name Godin, Seth
245 10 - TITLE STATEMENT
Title This is strategy :
Sub Title make better plans /
Statement of responsibility, etc Seth Godin.
260 ## - PUBLICATION, DISTRIBUTION, ETC. (IMPRINT)
Place of publication New York :
Name of publisher Authors Equity,
Year of publication 2024.
300 ## - PHYSICAL DESCRIPTION
Number of Pages various pages ;
Dimensions 23 cm.
650 #0 - SUBJECT ADDED ENTRY--TOPICAL TERM
Subject Planning
650 #0 - SUBJECT ADDED ENTRY--TOPICAL TERM
Subject Strategic planning
650 #0 - SUBJECT ADDED ENTRY--TOPICAL TERM
Subject Decision making
942 ## - ADDED ENTRY ELEMENTS (KOHA)
Source of classification or shelving scheme Dewey Decimal Classification
Koha item type Books
Holdings
Withdrawn status Lost status Source of classification or shelving scheme Damaged status Not for loan Home library Current library Shelving location Date acquired Source of acquisition Cost, normal purchase price Bill Date Full call number Accession Number Price effective from Koha item type
    Dewey Decimal Classification     Institute of Public Enterprise, Library Institute of Public Enterprise, Library S Campus 05/20/2026 Feel Books Pvt.Ltd. 2791.00 20/04/2026 658.4012 SET 51067 05/20/2026 Books

Maintained and Designed by
2cqr automation private limited, Chennai. All Rights Reserved.

You are Visitor Number

PHP Hits Count